Movies Quiz

Random Movies or Song Quiz
Score 0/12 Timer 06:00
0 Plays Today
% Correct
Circle of Life
96.6%
Follow the Yellow Brick Road
95.7%
Climb Ev'ry Mountain
81.7%
Sweet Transvestite
68.4%
Think of Me
46%
Feed Me (Git It)
41.1%
This is Halloween
40.3%
Take Me or Leave Me
32.8%
Good Morning Baltimore
32.6%
A Little Priest
32.3%
Tomorrow Belongs to Me
31.3%
Elephant Love Medley
29.8%
Remove Ads.
Support Sporcle.
Get the best of Sporcle when you Go Orange. This ad-free experience offers more features, more stats, and more fun while also helping to support Sporcle. Thank you for becoming a member.

You're not logged in!

Compare scores with friends on all Sporcle quizzes.
OR
Log In

Show Comments

Extras

Top Quizzes Today


Score Distribution

Your Account Isn't Verified!

In order to create a playlist on Sporcle, you need to verify the email address you used during registration. Go to your Sporcle Settings to finish the process.

Report this User

Report this user for behavior that violates our Community Guidelines.

Details: